| 000 | 00725cam a22002054a 4500 | ||
|---|---|---|---|
| 005 | 20250605164226.0 | ||
| 008 | 250528s ||||||||||||||||||||||||d | ||
| 035 | _a20858 | ||
| 020 | _a9789606829703 | ||
| 040 |
_aGR-AtMCL _bgre _dGR-AtMCL _eAACR2 |
||
| 245 | 1 | _aGods Heroes & Monsters / Tim's adventures in the World of Greek Mythology | |
| 260 |
_bPolaris, _c2016 |
||
| 300 | _a176 | ||
| 520 | _aNever in his wildest dreams did Timothy Bright imagine something like this would happen during his well-anticipated holidays in Greece. The spirit of Zeus will suddenly appear on his tablet. | ||
| 700 | 1 |
_aPapadatos Alecos _96833 |
|
| 700 | 1 |
_aProtogerou Aspasia _96834 |
|
| 942 | _cBK | ||
| 999 |
_c5939 _d5939 |
||